[Event "FSGM December 2013"]
[Site "Budapest HUN"]
[Date "2013.12.10"]
[Round "4.1"]
[White "Farago,I"]
[Black "Sean,W"]
[Result "1-0"]
[WhiteElo "2476"]
[BlackElo "2344"]

1.d4 Nf6 2.c4 g6 3.Nc3 Bg7 4.e4 d6 5.Be2 O-O 6.Nf3 e5 7.O-O Nc6 8.d5 Ne7
9.b4 Ne8 10.a4 f5 11.a5 Nf6 12.Bg5 Nxe4 13.Nxe4 fxe4 14.Nd2 Qe8 15.Nxe4 Nf5
16.c5 h6 17.Bd2 Qf7 18.Rc1 Kh8 19.Bc4 Qe7 20.Bd3 Nh4 21.Ng3 Qf7 22.Be4 Bf5
23.f3 Rad8 24.Qe2 Bc8 25.cxd6 cxd6 26.Be3 a6 27.Bb6 Rde8 28.Rc7 Qf6 29.Rfc1 h5
30.R1c4 Nf5 31.Qc2 h4 32.Nxf5 Bxf5 33.Rxb7 Qg5 34.Qf2 Bh6 35.Bxf5 Rxf5 36.Rxh4 Kg8
37.Re4 Qc1+ 38.Qe1 Qb2 39.Rc7 Qb3 40.Be3 Bxe3+ 41.Qxe3 Qd1+ 42.Kf2  1-0

[Event "5th Penang Open 2013"]
[Site "George Town MAS"]
[Date "2013.12.10"]
[Round "2.33"]
[White "Ho,Jei-Chen"]
[Black "Chong Chor Yuen"]
[Result "0-1"]
[WhiteElo "1694"]
[BlackElo "2055"]

1.d4 Nf6 2.c4 g6 3.Nc3 Bg7 4.Nf3 O-O 5.e4 d6 6.Be2 e5 7.O-O Nc6 8.d5 Ne7
9.b4 Nh5 10.Re1 f5 11.Ng5 Nf6 12.Bf3 c6 13.Bb2 fxe4 14.Ngxe4 Nxe4 15.Bxe4 Bf5
16.Qd3 Bxe4 17.Rxe4 Qc7 18.Rae1 Rad8 19.R1e3 Rf7 20.Rh3 Rdf8 21.f3 Qb6+ 22.c5 dxc5
23.Na4 c4+ 24.Nxb6 cxd3 25.Na4 cxd5 26.Re1 Nc6 27.b5 Nb4 28.Rd1 e4 29.Ba3 Bd4+
30.Kh1 Nc2 31.Bxf8 Rxf8 32.Rh4 e3 33.Rxd4 Nxd4 34.Rxd3 e2 35.Re3 Rc8 36.Kg1 Rc1+
37.Kf2 Rf1+  0-1

[Event "5th Penang Open 2013"]
[Site "George Town MAS"]
[Date "2013.12.11"]
[Round "4.34"]
[White "Ramakrishnan,Ramesh"]
[Black "Wong,Shyun Fwu Aldrin"]
[Result "1-0"]
[WhiteElo "1869"]
[BlackElo "1618"]

1.d4 Nf6 2.c4 g6 3.Nc3 Bg7 4.e4 d6 5.Be2 O-O 6.Nf3 e5 7.O-O Nc6 8.d5 Ne7
9.b4 a5 10.Ba3 axb4 11.Bxb4 Nd7 12.Nd2 f5 13.Bf3 Nf6 14.c5 Bh6 15.cxd6 cxd6
16.Nc4 Ne8 17.a4 fxe4 18.Nxe4 Nf5 19.Bg4 Ra6 20.h3 Kh8 21.Qd3 Bd7 22.Nc3 Nd4
23.Bxd7 Qxd7 24.a5 Qf7 25.Rae1 Bg7 26.Kh1 Qf5 27.Qxf5 gxf5 28.Nb6 Nc2 29.Rb1 Nxb4
30.Rxb4 e4 31.Rc1 Rxa5 32.Nd7 Rg8 33.Rxb7 Bxc3 34.Rxc3 Rxd5 35.Rc8 Rd2 36.Rxe8 Rxe8
37.Nf6  1-0

[Event "6th Kolkata Open"]
[Site "Kolkata IND"]
[Date "2013.12.11"]
[Round "7.17"]
[White "Swayams,M"]
[Black "Matta,V"]
[Result "1-0"]
[WhiteElo "2440"]
[BlackElo "2199"]

1.d4 Nf6 2.c4 g6 3.Nc3 Bg7 4.e4 d6 5.Nf3 O-O 6.Be2 e5 7.O-O Nc6 8.d5 Ne7
9.Ne1 Nd7 10.Be3 f5 11.f3 f4 12.Bf2 g5 13.a4 a5 14.Nd3 b6 15.b4 axb4 16.Nxb4 Nf6
17.Nc6 Nxc6 18.dxc6 Qe8 19.Nd5 Rf7 20.a5 bxa5 21.Qa4 g4 22.Bh4 Nxd5 23.cxd5 g3
24.hxg3 fxg3 25.Bxg3 Bh6 26.f4 Rg7 27.Ra3 exf4 28.Bxf4 Bxf4 29.Rxf4 Qe5 30.Rf2 Bg4
31.Bf1 Rg6 32.Qb3 Rh6 33.Qg3 Qh5 34.Rf4 Rg6 35.Qc3 Rh6 36.Qe3 Kg7 37.Qd4+ Kg8
38.Rg3 Rg6 39.Rfxg4 Rxg4 40.Be2 Rxg3 41.Bxh5 Rg5 42.Bd1 Rb8 43.Qd2 Rg7 44.Qxa5 Re8
45.Bf3 h6 46.Qd2 Rg5 47.Kf2 Kg7 48.Ke3 Rge5 49.Kd4 Rg5 50.Qa5 Re7 51.Qa8 Rge5
52.Qc8 h5 53.Kc4 Rg5 54.Kb5 Kf6 55.Qf8+ Rf7 56.Qh6+  1-0

[Event "Pavlodar Open 2013"]
[Site "Pavlodar KAZ"]
[Date "2013.12.11"]
[Round "2.1"]
[White "Zhigalko,A"]
[Black "Khanin,S"]
[Result "1/2-1/2"]
[WhiteElo "2628"]
[BlackElo "2299"]

1.d4 Nf6 2.c4 g6 3.Nc3 Bg7 4.e4 d6 5.Be2 O-O 6.Nf3 e5 7.O-O Nc6 8.d5 Ne7
9.b4 Nh5 10.c5 f5 11.a4 Nf4 12.Bc4 Kh8 13.Ra3 fxe4 14.Nxe4 Bg4 15.h3 Bf5
16.Re1 Qd7 17.Nfg5 Bxe4 18.Nxe4 h6 19.g3 Nxh3+ 20.Kg2 Kg8 21.Rh1 Ng5 22.Bxg5 hxg5
23.Qe2 Nf5 24.Nxg5 Nd4 25.Qe4 Rf5 26.Ne6 Qf7 27.f4 Re8 28.Rf1 exf4 29.Rxf4 Qf6
30.Qxd4 Rxf4 31.Qxf4 Qb2+ 32.Kh3 Qxa3 33.Bb5 Qa1 34.Qe4 Re7 35.Bd3 Qf6 36.Qg4 Bh6
37.Bxg6 Qf1+ 38.Kh2 Qf2+ 39.Kh3 Qf1+ 40.Kh2 Qf2+ 41.Kh3  1/2-1/2

[Event "SportAccord Rapid Women 2013"]
[Site "Beijing CHN"]
[Date "2013.12.12"]
[Round "1.7"]
[White "Lagno,Kateryna"]
[Black "Ju Wenjun"]
[Result "0-1"]
[WhiteElo "2543"]
[BlackElo "2514"]

1.Nf3 Nf6 2.c4 g6 3.Nc3 Bg7 4.e4 d6 5.d4 O-O 6.Be2 e5 7.O-O Nc6 8.d5 Ne7
9.Ne1 Nd7 10.f3 f5 11.g4 h6 12.h4 Nf6 13.Nd3 c6 14.a4 b6 15.Kg2 Bb7 16.b4 cxd5
17.cxd5 Rc8 18.Bb2 Rxc3 19.Bxc3 fxe4 20.fxe4 Nxe4 21.Rxf8+ Qxf8 22.Bb2 Nxd5
23.Kg1 Ng3 24.Rc1 Qe7 25.Nf2 Nf4 26.Bc4+ d5 27.Bb5 a6 28.Bf1 Nxf1 29.Kxf1 d4
30.Qb3+ Bd5 31.Rc8+ Kh7 32.Qc2 Qxh4 33.Rc7 Qf6 34.Kg1 Ne6 35.Rd7 Qf3 36.Rxd5 Qxd5
37.Qe4 Qb3 38.Bc1 Qxb4 39.Nd3 Qb1 40.Kg2 Qc2+ 41.Kg3 b5 42.axb5 axb5 43.Qf3 b4  0-1

[Event "5th Penang Open 2013"]
[Site "George Town MAS"]
[Date "2013.12.12"]
[Round "6.22"]
[White "Chan,Yi Meng Ryan"]
[Black "Chong Chor Yuen"]
[Result "0-1"]
[WhiteElo "1660"]
[BlackElo "2055"]

1.d4 Nf6 2.c4 g6 3.Nc3 Bg7 4.e4 d6 5.Nf3 O-O 6.Be2 e5 7.O-O Nc6 8.d5 Ne7
9.b4 Nh5 10.Re1 f5 11.Ng5 Nf6 12.f3 c6 13.c5 h6 14.Ne6 Bxe6 15.dxe6 d5 16.exd5 cxd5
17.Nb5 Ne8 18.Qb3 a6 19.Nc3 Kh7 20.Rd1 Nc7 21.Nxd5 Nexd5 22.Bc4 Nxe6 23.Bxd5 Nd4
24.Qc4 b5 25.cxb6 Rc8 26.Bg8+ Rxg8 27.Qd3 Qxb6 28.a3 Rc3 29.Qf1 Nc2+ 30.Kh1 Nxa1
31.Bb2 Rc2 32.Bxa1 Rgc8 33.h3 Rf2 34.Qe1 Rcc2 35.Rd7 Rfe2 36.Qd1 Qc6  0-1

[Event "5th Penang Open 2013"]
[Site "George Town MAS"]
[Date "2013.12.12"]
[Round "7.14"]
[White "Chan,Marc"]
[Black "Mohammad,Agus Kurniawan"]
[Result "1-0"]
[WhiteElo "2227"]
[BlackElo "2038"]

1.d4 Nf6 2.c4 g6 3.Nc3 Bg7 4.e4 d6 5.Be2 O-O 6.Nf3 e5 7.O-O Nc6 8.d5 Ne7
9.b4 Nh5 10.Re1 f5 11.Ng5 Nf6 12.f3 f4 13.c5 h6 14.Ne6 Bxe6 15.dxe6 g5 16.Qb3 h5
17.Ba3 g4 18.Rad1 h4 19.h3 gxh3 20.gxh3 Qe8 21.Kh2 dxc5 22.bxc5 Kh8 23.Qxb7 c6
24.Rg1 Bh6 25.Na4 Ng6 26.Rd6 Nxe4 27.fxe4 f3 28.Rd7 Rb8 29.Qc7 f2 30.Rf1 Rc8
31.Qxa7 Qxe6 32.Rh7+ Kg8 33.Rxh6 Rf7 34.Qa6  1-0

[Event "5th Penang Open 2013"]
[Site "George Town MAS"]
[Date "2013.12.13"]
[Round "8.18"]
[White "Branzuela,A"]
[Black "Khadijah,Qurota'ain"]
[Result "1-0"]
[WhiteElo "2264"]
[BlackElo "1956"]

1.d4 Nf6 2.c4 g6 3.Nc3 Bg7 4.e4 d6 5.Nf3 O-O 6.Be2 e5 7.O-O Nc6 8.d5 Ne7
9.Ne1 Nd7 10.Be3 f5 11.f3 f4 12.Bf2 g5 13.Rc1 Ng6 14.Nd3 Nf6 15.c5 Rf7 16.cxd6 cxd6
17.Nb5 g4 18.Qb3 Bf8 19.Nxa7 gxf3 20.Bxf3 Bg4 21.Bb6 Qe8 22.Nb5 Bxf3 23.gxf3 Rg7
24.Kh1 Nh4 25.Nc7 Qh5 26.Ne1 Rc8 27.Rc2 Nd7 28.Qb5 Nxb6 29.Qxb6 Qf7 30.Ne6 Rxc2
31.Nxc2 Rg2 32.Ne1 Re2 33.Rg1+ Ng6 34.Qd8 Rxb2 35.h4 Rxa2 36.h5 Qe7 37.hxg6 Qxd8
38.gxh7+ Kxh7 39.Nxd8 b5 40.Ne6 Bh6 41.Ng2 b4 42.Rb1 Ra3 43.Nh4 b3 44.Nf5 Kg6
45.Nxd6 b2 46.Kg2 Rb3 47.Nc4 Rb4 48.Nxe5+  1-0

[Event "5th Penang Open 2013"]
[Site "George Town MAS"]
[Date "2013.12.13"]
[Round "8.38"]
[White "Ramakrishnan,Ramesh"]
[Black "Kow,Jonathan"]
[Result "1-0"]
[WhiteElo "1869"]
[BlackElo "1712"]

1.d4 Nf6 2.c4 g6 3.Nc3 Bg7 4.e4 d6 5.Be2 O-O 6.Nf3 e5 7.O-O Nc6 8.d5 Ne7
9.b4 Kh8 10.c5 Neg8 11.Nd2 Ne8 12.Nc4 f5 13.f3 f4 14.Ba3 g5 15.b5 h5 16.Qb3 Rf6
17.b6 cxb6 18.cxd6 Rg6 19.Nb5 g4 20.Rfc1 Qh4 21.fxg4 hxg4 22.g3 Qh5 23.Bf1 Ngf6
24.Qd3 Rh6 25.Rc2 Nxe4 26.Qxe4 Bf5 27.Qe2 Bxc2 28.Qxc2 fxg3 29.Re1 e4 30.Qd2 a6
31.Nc7 Bf6 32.Nxa8 b5 33.d7 bxc4 34.dxe8=Q+ Qxe8 35.Qxh6+ Kg8 36.Qxf6 gxh2+
37.Kh1 Qxa8  1-0

[Event "FSGM December 2013"]
[Site "Budapest HUN"]
[Date "2013.12.15"]
[Round "8.3"]
[White "Maksimovic,Br"]
[Black "Sean,W"]
[Result "0-1"]
[WhiteElo "2398"]
[BlackElo "2344"]

1.d4 Nf6 2.Nf3 g6 3.c4 Bg7 4.Nc3 d6 5.e4 O-O 6.Be2 e5 7.O-O Nc6 8.d5 Ne7
9.Ne1 Ne8 10.Nd3 f5 11.Bd2 Nf6 12.f3 f4 13.c5 g5 14.cxd6 cxd6 15.Nf2 Ng6
16.Qc2 Rf7 17.Rfc1 Ne8 18.a4 h5 19.Nb5 Bd7 20.Qd1 Bf8 21.Rc3 a6 22.Na3 Nf6
23.h3 Rg7 24.Nc4 g4 25.fxg4 hxg4 26.hxg4 b5 27.axb5 axb5 28.Rxa8 Qxa8 29.Nb6 Qa7
30.Nxd7 Nxe4 31.Nf6+ Nxf6 32.Be1 Ne4 33.Ra3 Qb6 34.Ra6 Qxa6 35.Nxe4 Be7 36.g5 Bd8
37.Bd3 Qa7+ 38.Bf2 Bb6 39.Qg4 Bxf2+ 40.Nxf2 Nf8 41.Bf5 Qe3 42.Be6+ Kh8 43.Qf5 Nh7
44.Qc2 Rxg5 45.Qc8+ Kg7 46.Qc7+ Kh6 47.Kf1 Nf6 48.Qc8 Qa7 49.Qf8+ Kg6 50.Nh3 Qa1+
51.Ke2 Qxb2+  0-1

[Event "20th Zadar Open B 2013"]
[Site "Zadar CRO"]
[Date "2013.12.16"]
[Round "3.4"]
[White "Bozinovic,Bog"]
[Black "Vidovic,A"]
[Result "1-0"]
[WhiteElo "2248"]
[BlackElo "2113"]

1.d4 Nf6 2.c4 g6 3.Nc3 Bg7 4.e4 d6 5.Nf3 O-O 6.Be2 e5 7.O-O Nc6 8.d5 Ne7
9.Ne1 Nd7 10.Nd3 f5 11.Bd2 Nf6 12.f3 f4 13.c5 g5 14.cxd6 cxd6 15.Nf2 Ng6
16.Qc2 Rf7 17.Rfc1 Ne8 18.a4 h5 19.h3 Bf8 20.a5 g4 21.fxg4 Nh4 22.Qd1 Rg7
23.Ra3 hxg4 24.hxg4 Qg5 25.g3 Nf6 26.gxf4 exf4 27.Nh3 Nf3+ 28.Bxf3 Qh4 29.Bg2 Bxg4
30.Nxf4 Bxd1 31.Nxd1 Nxe4 32.Rh3 Qg4 33.Be3 Ng5 34.Rh1 Rc8 35.Nc3 Nf3+ 36.Kf1 Nh4
37.Be4 Nf5 38.Bxf5 Qf3+ 39.Ke1 Qxe3+ 40.Nfe2 Rg2 41.Bxc8 Bg7 42.Be6+ Kf8
43.Rf1+ Ke8 44.Rc2 Bd4 45.Nd1 Rxe2+ 46.Rxe2 Qg3+ 47.Kd2 Be5 48.Nc3 Qh4 49.Rg2 Qd4+
50.Kc2 Bf6 51.Rg6  1-0

[Event "WYCC U16 Girls 2013"]
[Site "Al-Ain UAE"]
[Date "2013.12.21"]
[Round "5.44"]
[White "Head,Louise"]
[Black "Mendez Tovar,Rosario Trin"]
[Result "1-0"]
[WhiteElo "1786"]
[BlackElo "1612"]

1.d4 Nf6 2.c4 g6 3.Nc3 Bg7 4.e4 d6 5.Nf3 O-O 6.Be2 e5 7.O-O Nc6 8.d5 Ne7
9.b4 Ne8 10.c5 h6 11.Nd2 f5 12.Re1 Nf6 13.f3 f4 14.Nc4 g5 15.a4 h5 16.Ba3 Ne8
17.Kf2 Ng6 18.Rh1 g4 19.Ke1 Qh4+ 20.Kd2 Bd7 21.Qe1 Qg5 22.b5 Rf6 23.c6 bxc6
24.bxc6 Bc8 25.Rb1 h4 26.Kc2 Bh6 27.Bc1 Qh5 28.Qd1 g3 29.h3 Ne7 30.Ba3 Bf8
31.Na5 Qh7 32.Rb3 Bh6 33.Qb1 Rf8 34.Rb8 Rxb8 35.Qxb8 a6 36.Bd3 Qg6 37.Qa7 Rf7
38.Nb7 Rg7 39.Qxa6 Nf6 40.Qb5 Qe8 41.a5 Nh7 42.Ne2 Ng5 43.Ng1 Bxb7 44.Qxb7 Nc8
45.Ne2 Kh8 46.Rb1 Rg8 47.Ng1 Bg7 48.Qxc7 Bf6 49.Rb8 Qe7 50.Rxc8 Rxc8 51.Qxc8+ Kh7
52.Qb7 Nf7 53.Qxe7 Bxe7 54.c7  1-0

[Event "51st Groningen Open A 2013"]
[Site "Groningen NED"]
[Date "2013.12.21"]
[Round "1.44"]
[White "Mostertman,M"]
[Black "Den Hartog,Marijn"]
[Result "0-1"]
[WhiteElo "2304"]
[BlackElo "2025"]

1.d4 Nf6 2.c4 g6 3.Nc3 Bg7 4.e4 d6 5.Nf3 O-O 6.Be2 e5 7.O-O Nc6 8.dxe5 dxe5
9.Bg5 Qxd1 10.Rfxd1 Bg4 11.Rac1 Bxf3 12.Bxf3 Nd4 13.Nd5 Nxd5 14.cxd5 Rac8
15.Be3 c6 16.dxc6 Rxc6 17.Rxc6 bxc6 18.Rc1 Rc8 19.Rc4 Kf8 20.Bg4 Rd8 21.Ra4 h5
22.Bh3 Nc2 23.Bc5+ Kg8 24.Kf1 Bh6 25.Bxa7 Rd1+ 26.Ke2 Rd2+ 27.Kf3 Bf4 28.g4 Ne1+  0-1

[Event "Chinese Teams 2013"]
[Site "Tianjin CHN"]
[Date "2013.12.21"]
[Round "19.5"]
[White "Xu,Yinglun"]
[Black "Zhao Zong Yuan"]
[Result "1/2-1/2"]
[WhiteElo "2331"]
[BlackElo "2579"]

1.d4 Nf6 2.c4 g6 3.Nc3 Bg7 4.e4 d6 5.Nf3 O-O 6.Be2 e5 7.O-O Nc6 8.d5 Ne7
9.Ne1 Nd7 10.Nd3 f5 11.f3 f4 12.Bd2 g5 13.b4 Nf6 14.a4 Ng6 15.c5 Rf7 16.b5 h5
17.a5 Bf8 18.c6 Rg7 19.cxb7 Bxb7 20.Be1 Bc8 21.Nf2 Nh8 22.Nd3 Ng6 23.Nf2 Nh8
24.Nd3 Qe8 25.Nb4 g4 26.Bh4 Nh7 27.b6 Ng6 28.Be1 g3 29.Nd3 axb6 30.axb6 Rxa1
31.Qxa1 cxb6 32.hxg3 fxg3 33.Bxg3 Ng5 34.Kh1 h4 35.Bh2 Nh7 36.f4 Nxf4 37.Nxf4 exf4
38.Rxf4 h3 39.g4 Rf7 40.Qf1 Ng5 41.Rxf7 Qxf7 42.Qxf7+ Kxf7 43.e5 dxe5 44.Bxe5 Bg7
45.Bf4 Bxc3 46.Bxg5 Be5 47.Be3 Bb7 48.Bc4 b5 49.Bb3 Bd6 50.Bg1 Bc8 51.Bd1 Kf6
52.Bh2 Bxh2 53.Kxh2 Ke5 54.Kxh3 Kxd5 55.Bb3+ Ke5 56.Kg3 b4 57.Kf3 Be6  1/2-1/2

[Event "Al-Ain Classic Open A 2013"]
[Site "Al-Ain UAE"]
[Date "2013.12.22"]
[Round "4.23"]
[White "Nezad,H"]
[Black "Baryshpolets,A"]
[Result "0-1"]
[WhiteElo "2400"]
[BlackElo "2557"]

1.d4 Nf6 2.c4 g6 3.Nc3 Bg7 4.e4 d6 5.Nf3 O-O 6.Be2 e5 7.O-O Nc6 8.d5 Ne7
9.b4 Nh5 10.g3 f5 11.Ng5 Nf6 12.Bf3 c6 13.Bg2 h6 14.Ne6 Bxe6 15.dxe6 a6 16.Qb3 fxe4
17.Nxe4 Nxe4 18.Bxe4 b5 19.cxb5 d5 20.Be3 axb5 21.Bg2 Rf6 22.a4 bxa4 23.Rxa4 Rb8
24.Bc5 Rxe6 25.Ra6 e4 26.Rd1 Qc8 27.Qa4 Nf5 28.Rc1 Qe8 29.Qa2 h5 30.Ra7 Bh6
31.Re1 e3 32.fxe3 Bxe3+ 33.Bxe3 Rxe3 34.Rf1 Re1  0-1

[Event "51st Groningen Open A 2013"]
[Site "Groningen NED"]
[Date "2013.12.24"]
[Round "4.38"]
[White "Mager,D"]
[Black "Dijkhuis,Tycho"]
[Result "0-1"]
[WhiteElo "2060"]
[BlackElo "2202"]

1.Nf3 Nf6 2.c4 g6 3.Nc3 Bg7 4.e4 d6 5.d4 O-O 6.Be2 e5 7.O-O Nc6 8.d5 Ne7
9.b4 Ne8 10.c5 f5 11.Nd2 Nf6 12.f3 f4 13.Nc4 g5 14.a4 Ng6 15.Ba3 Rf7 16.Kf2 g4
17.Ke1 gxf3 18.gxf3 Ne8 19.Kd2 Qh4 20.Rh1 Bf8 21.Rc1 Rg7 22.Rc2 Qh5 23.Kc1 Nh4
24.Rg1 Bh3 25.Rxg7+ Kxg7 26.Nb1 Kh8 27.Nbd2 Rd8 28.Na5 Bc8 29.Ndc4 Qg5 30.Qf1 Nf6
31.Kb1 Be7 32.cxd6 cxd6 33.b5 Ne8 34.Qf2 Qg2 35.Qxa7 Nxf3 36.Bxf3 Qxf3 37.Nxb7 Bxb7
38.Qxb7 Bf8 39.Nxe5 Qd1+ 40.Rc1 Qb3+ 41.Bb2 dxe5 42.a5 Ba3 43.Rc2 Bxb2 44.Rxb2 Qd1+
45.Ka2 Qa4+ 46.Kb1 Qxe4+ 47.Rc2 Rxd5 48.Qe7 Rxb5+ 49.Ka1 Qa4+  0-1

[Event "Al-Ain Classic Open A 2013"]
[Site "Al-Ain UAE"]
[Date "2013.12.27"]
[Round "8.27"]
[White "Nezad,H"]
[Black "Namer,N"]
[Result "1/2-1/2"]
[WhiteElo "2400"]
[BlackElo "2246"]

1.d4 Nf6 2.c4 g6 3.Nc3 Bg7 4.e4 d6 5.Nf3 O-O 6.Be2 e5 7.O-O Nc6 8.d5 Ne7
9.b4 Nh5 10.g3 a5 11.Ba3 f5 12.Ng5 axb4 13.Bxb4 c5 14.dxc6 Nxc6 15.Qd5+ Kh8
16.Nf7+ Rxf7 17.Qxf7 Nxb4 18.Bxh5 gxh5 19.Rad1 Qf8 20.Qxh5 Nc6 21.f4 exf4
22.Nd5 fxg3 23.exf5 Bd4+ 24.Kh1 g2+ 25.Kxg2 Rxa2+ 26.Kh1 Be5 27.Nf4 Bxf4
28.Rxf4 Ra5 29.Rdf1 Ne7 30.Rh4 Bxf5 31.Qxh7+ Bxh7 32.Rxf8+ Kg7 33.Rd8 d5
34.Rd7 Be4+ 35.Rxe4 dxe4 36.Rxe7+ Kf6 37.Rxe4 Rc5  1/2-1/2

[Event "30th Boeblinger Open 2013"]
[Site "Boeblingen GER"]
[Date "2013.12.27"]
[Round "3.4"]
[White "Fedorovsky,M"]
[Black "Noe,C"]
[Result "1-0"]
[WhiteElo "2388"]
[BlackElo "2253"]

1.d4 Nf6 2.c4 g6 3.Nc3 Bg7 4.e4 d6 5.Nf3 O-O 6.Be2 e5 7.O-O Nc6 8.d5 Ne7
9.Ne1 Ne8 10.f4 exf4 11.Bxf4 f5 12.exf5 Nxf5 13.Nf3 Nf6 14.Ng5 Re8 15.Qd2 c5
16.Rae1 Nd4 17.Bd1 Bf5 18.Ba4 Rxe1 19.Rxe1 Bh6 20.Nxh7 Bxf4 21.Nxf6+ Qxf6
22.Qxf4 Rf8 23.Ne4 Bxe4 24.Qxf6 Rxf6 25.Rxe4 Rf4 26.Rxf4 Ne2+ 27.Kf2 Nxf4
28.Bc2 Kg7 29.Kf3 Nh5 30.Ba4 Nf6 31.Kf4 Nh7 32.h4 Kf6 33.Bc2 Nf8 34.g4 Nd7
35.Bd3 Ne5 36.Be2 Nd7 37.g5+ Kg7 38.h5 Ne5 39.b3 Kf7 40.Ke4 Kg7 41.Bd1 Kf7
42.Ke3 Kg7 43.Be2 Kg8 44.hxg6 Nxg6 45.Bd3 Ne7 46.Kf4 Kg7 47.Kg4 b5 48.cxb5 Nxd5
49.Kf5 Kf8 50.Bc4 Nc7 51.a4 d5 52.Bd3 Ke7 53.Ke5 Ne6 54.g6 Nd4 55.Kxd5 Nxb3
56.Bc4 Na5 57.Kxc5 Nb7+ 58.Kd5 Kf6 59.Bd3  1-0

[Event "51st Groningen Open A 2013"]
[Site "Groningen NED"]
[Date "2013.12.27"]
[Round "6.35"]
[White "Schoehuijs,E"]
[Black "Vos,T"]
[Result "1-0"]
[WhiteElo "2180"]
[BlackElo "2085"]

1.d4 Nf6 2.c4 g6 3.Nc3 Bg7 4.e4 O-O 5.Nf3 d6 6.Be2 e5 7.O-O Nc6 8.d5 Ne7
9.Ne1 Nd7 10.Nd3 f5 11.f3 f4 12.b4 g5 13.c5 h5 14.Qc2 Nf6 15.cxd6 cxd6 16.Nb5 Ne8
17.h3 Ng6 18.Nf2 Rf7 19.a4 Nf6 20.a5 Bf8 21.Ra3 a6 22.Nc3 Nh4 23.Na4 g4 24.fxg4 hxg4
25.hxg4 Rg7 26.Qd1 Nd7 27.g3 Ng6 28.Nh3 fxg3 29.Ng5 Nf4 30.Bxf4 exf4 31.Nh3 Ne5
32.Rxf4 Qh4 33.Qf1 Bxg4 34.Bxg4 Nxg4 35.Nb6 Re8 36.Qg2 Rc7 37.Qxg3 Rc1+ 38.Kg2 Rc2+
39.Kf1 Qh6 40.Qxg4+ Bg7 41.Nf2 Rc1+ 42.Kg2 Re5 43.Rf5 Rxf5 44.exf5 Rc2 45.Rf3 Kf8
46.f6  1-0

[Event "Cracovia Open A 2013-14"]
[Site "Krakow POL"]
[Date "2013.12.27"]
[Round "1.7"]
[White "Kanarek,M"]
[Black "Wisniowska,K"]
[Result "1-0"]
[WhiteElo "2473"]
[BlackElo "2182"]

1.d4 Nf6 2.c4 g6 3.Nc3 Bg7 4.e4 d6 5.Be2 O-O 6.Nf3 Nc6 7.O-O e5 8.d5 Ne7
9.Ne1 Nd7 10.Nd3 f5 11.f3 f4 12.Bd2 g5 13.Rc1 h5 14.c5 a6 15.Qb3 Rf7 16.Qa3 Nxc5
17.Nxc5 dxc5 18.Qxc5 Ng6 19.Bc4 Kh7 20.Qf2 Bf8 21.d6 Rg7 22.dxc7 Rxc7 23.Na4 Rxc4
24.Rxc4 b5 25.Nb6 bxc4 26.Nxa8 Bb7 27.Nb6 Qc7 28.Na4 g4 29.Kh1 Qc6 30.Qb6 Qd7
31.Bb4 gxf3 32.gxf3 Bc6 33.Bxf8 Nxf8 34.Nc3 Qd3 35.Qf2 Qd7 36.Rd1 Qe7 37.Qb6 Bd7
38.Nd5  1-0

[Event "51st Groningen Open A 2013"]
[Site "Groningen NED"]
[Date "2013.12.28"]
[Round "7.22"]
[White "Svane,R"]
[Black "Von Meijenfeldt,Bart"]
[Result "1-0"]
[WhiteElo "2472"]
[BlackElo "2207"]

1.d4 Nf6 2.c4 g6 3.Nc3 Bg7 4.e4 d6 5.Nf3 O-O 6.Be2 e5 7.O-O Nc6 8.Be3 Nd7
9.Qd2 f5 10.exf5 gxf5 11.dxe5 dxe5 12.Bg5 Nf6 13.Qxd8 Nxd8 14.Nxe5 Ne4 15.Nxe4 fxe4
16.Ng4 Bxb2 17.Rab1 Bg7 18.Nh6+ Kh8 19.Bxd8 Bxh6 20.Bxc7 b6 21.Rb5 Bg7 22.Be5 Rf5
23.Bxg7+ Kxg7 24.Rxf5 Bxf5 25.Rd1 Kf6 26.Rd6+ Ke5 27.Rd5+ Kf6 28.g4 Bg6 29.h4 Bf7
30.Rf5+ Kg7 31.Re5 Re8 32.Rxe8 Bxe8 33.f4 exf3 34.Bxf3 h6 35.Kf2 Kf6 36.Ke3 Ke5
37.Be4 Bf7 38.Bd3 a6 39.a3 Be6 40.g5 hxg5 41.hxg5 Bf7 42.g6 Bg8 43.c5 b5
44.Be4 a5 45.c6 Kd6 46.Kd4 b4 47.a4 Be6 48.g7 Bg8 49.c7 Kxc7 50.Bd5  1-0

[Event "51st Groningen Open A 2013"]
[Site "Groningen NED"]
[Date "2013.12.29"]
[Round "8.41"]
[White "Maris,Iv"]
[Black "Majhi,Ankit"]
[Result "1/2-1/2"]
[WhiteElo "2161"]
[BlackElo "2058"]

1.d4 Nf6 2.c4 g6 3.Nc3 Bg7 4.e4 d6 5.Nf3 O-O 6.Be2 e5 7.O-O Nc6 8.d5 Ne7
9.Ne1 Nd7 10.Be3 f5 11.f3 f4 12.Bf2 g5 13.a4 Ng6 14.a5 a6 15.Nd3 Rf7 16.c5 Bf8
17.c6 Nf6 18.Qb3 bxc6 19.dxc6 Qe8 20.Nb4 Rb8 21.Qc4 g4 22.fxg4 Nxg4 23.Bxg4 Bxg4
24.Nxa6 f3 25.Nd5 Qe6 26.Bg3 Rxb2 27.Ra2 f2+ 28.Bxf2 Be2 29.Qxe2 Rxe2 30.Rxe2 Nf4
31.Nxf4 exf4 32.Rc1 Bh6 33.Rcc2 Qe5  1/2-1/2

[Event "22nd Donau Open 2013"]
[Site "Aschach AUT"]
[Date "2013.12.30"]
[Round "6.7"]
[White "Pacher,M"]
[Black "Popovic,Milan S"]
[Result "1-0"]
[WhiteElo "2451"]
[BlackElo "2185"]

1.d4 Nf6 2.c4 g6 3.Nc3 Bg7 4.e4 d6 5.Nf3 O-O 6.Be2 e5 7.O-O Nc6 8.d5 Ne7
9.Ne1 Nd7 10.f3 f5 11.g4 Nf6 12.Nd3 c6 13.Be3 b5 14.Nb4 c5 15.Nc6 Nxc6 16.dxc6 b4
17.Nb5 fxe4 18.fxe4 a6 19.Nxd6 Be6 20.g5 Nh5 21.Bg4 Rxf1+ 22.Kxf1 Qf8+ 23.Kg1 Bxg4
24.Qd5+ Kh8 25.Nf7+ Kg8 26.Nxe5+ Kh8 27.Nf7+  1-0

[Event "12th Nantes Open"]
[Site "Nantes FRA"]
[Date "2013.12.30"]
[Round "6.4"]
[White "Koziak,V"]
[Black "Stets,D"]
[Result "1-0"]
[WhiteElo "2486"]
[BlackElo "2410"]

1.d4 Nf6 2.c4 g6 3.Nc3 Bg7 4.e4 d6 5.Nf3 O-O 6.Be2 e5 7.O-O Nc6 8.d5 Ne7
9.Ne1 Nd7 10.Be3 f5 11.f3 f4 12.Bf2 g5 13.Nb5 a6 14.Na7 Rxa7 15.Bxa7 b6 16.b4 Bb7
17.c5 dxc5 18.Rc1 Qa8 19.d6 Nc6 20.dxc7 Nd4 21.bxc5 Qxa7 22.c6 Bxc6 23.Rxc6 b5
24.Kh1 Rc8 25.Rc1 Rxc7 26.Nd3 Nb6 27.Rxc7 Qxc7 28.Nb4 Bf8 29.Nd5 Nxd5 30.exd5 Nf5
31.Qd3 Ne3 32.Rb1 Kg7 33.a4 b4 34.Qxa6 Nxd5 35.Qe6 Nc3 36.Bc4 Nxb1 37.Qg8+ Kh6
38.Qxf8+ Kg6 39.Bd3+ Kh5 40.h4 Kxh4 41.Qh6+ Kg3 42.Qh2+ Kf2 43.Qg1+ Kg3 44.Qe1+  1-0

[Event "Cracovia Open A 2013-14"]
[Site "Krakow POL"]
[Date "2014.01.02"]
[Round "7.22"]
[White "Lomakin,V"]
[Black "Mika,T2"]
[Result "1-0"]
[WhiteElo "2209"]
[BlackElo "1965"]

1.d4 Nf6 2.c4 g6 3.Nc3 Bg7 4.e4 d6 5.Nf3 O-O 6.Be2 e5 7.O-O Nc6 8.d5 Ne7
9.b4 Nh5 10.Re1 Nf4 11.Bf1 h6 12.a4 g5 13.Nd2 f5 14.g3 Nfg6 15.Ba3 f4 16.Be2 c6
17.a5 Bd7 18.Rc1 cxd5 19.cxd5 a6 20.Na4 Nc8 21.Bg4 Bb5 22.Nc4 fxg3 23.hxg3 Qf6
24.f3 Be8 25.Nab6 Nxb6 26.Nxb6 Rd8 27.Rc3 Ne7 28.Bc1 h5 29.Be6+ Kh8 30.Qd2 Bh6
31.Re2 Ng8 32.Qe1 Ne7 33.Rh2 Kg7 34.Qd1 Bg6 35.Nd7 Rxd7 36.Bxd7 Kh8 37.Qe2 Bf7
38.Rf2 Ng6 39.Bf5 Ne7 40.Bh3 Ng6 41.Qc2 Ne7 42.Rc7 Bg6 43.Be6 Rb8 44.Be3  1-0

[Event "19th Bosnjaci Open 2014"]
[Site "Bosnjaci CRO"]
[Date "2014.01.04"]
[Round "3.12"]
[White "Mrkonjic,N"]
[Black "Blagojevic,M"]
[Result "1-0"]
[WhiteElo "2376"]
[BlackElo "2160"]

1.d4 Nf6 2.Nf3 g6 3.c4 Bg7 4.Nc3 O-O 5.e4 d6 6.Be2 e5 7.O-O Nc6 8.d5 Ne7
9.Ne1 Nd7 10.Nd3 f5 11.f3 f4 12.g4 fxg3 13.hxg3 a5 14.Be3 b6 15.a3 Nc5 16.Rb1 Bd7
17.Nxc5 bxc5 18.b4 axb4 19.axb4 Ra3 20.Qc1 cxb4 21.Rxb4 Qa8 22.Nb5 Ra2 23.Rb2 Rc8
24.Rxa2 Qxa2 25.Qd2 Qa4 26.Qc3 Qa2 27.Kf2 Ra8 28.Rc1 Bxb5 29.cxb5 Ra3 30.Qc2 Bf6
31.Qxa2 Rxa2 32.Rxc7 Kf7 33.Rd7  1-0

[Event "2nd Gurgaon Open 2014"]
[Site "Gurgaon IND"]
[Date "2014.01.04"]
[Round "6.7"]
[White "Arun Prasad,S"]
[Black "Pradeep,KR"]
[Result "1/2-1/2"]
[WhiteElo "2504"]
[BlackElo "2312"]

1.d4 Nf6 2.c4 g6 3.Nc3 Bg7 4.e4 d6 5.Nf3 O-O 6.Be2 e5 7.O-O Nc6 8.d5 Ne7
9.b4 Nh5 10.Re1 f5 11.Ng5 Nf6 12.Bf3 c6 13.dxc6 bxc6 14.exf5 gxf5 15.b5 e4
16.Be2 h6 17.Nh3 d5 18.Be3 cxb5 19.Nxb5 a6 20.Nd4 Ng4 21.Bxg4 fxg4 22.Nf4 dxc4
23.Nfe6 Bxe6 24.Nxe6 Qxd1 25.Raxd1 Bc3 26.Nxf8 Bxe1 27.Rxe1 Kxf8 28.Bxh6+ Kf7
29.Rxe4 Rc8 30.Kf1 c3 31.Ke2 c2 32.Bc1 Nd5 33.Kd2 Nc3 34.Rf4+ Ke6 35.Rxg4 Kf5
36.Rd4 Nxa2 37.f3 Nc3 38.g4+ Ke5 39.Kd3 Na2 40.f4+ Ke6 41.Kd2 Rh8 42.h3 Rxh3
43.Kxc2 Nxc1 44.Kxc1 Rg3 45.f5+ Kf6 46.Ra4 Kg5 47.Kd2 Rb3 48.Ke2 Rb6 49.Kd3 Rh6
50.Ke4 Kxg4 51.Ke5+ Kg5 52.Ra1 Rb6 53.Rg1+ Kh6 54.f6 Rb5+  1/2-1/2

[Event "Bay Area International 2014"]
[Site "Santa Clara USA"]
[Date "2014.01.05"]
[Round "5.27"]
[White "Yanayt,E"]
[Black "Uyanga,Byambaa"]
[Result "1-0"]
[WhiteElo "2223"]
[BlackElo "2028"]

1.d4 Nf6 2.c4 g6 3.Nc3 Bg7 4.e4 d6 5.Nf3 O-O 6.Be2 e5 7.O-O Nc6 8.d5 Ne7
9.Ne1 Nd7 10.Be3 f5 11.f3 f4 12.Bf2 g5 13.a4 a5 14.Nd3 Nf6 15.c5 Ng6 16.Rc1 Rf7
17.Kh1 h5 18.cxd6 cxd6 19.Qb3 g4 20.Bb6 Qe7 21.Nb5 g3 22.Nc7 Ne8 23.Nxa8 Qh4
24.Bg1 Bh3 25.gxh3 Qxh3 26.Rf2 Nf6 27.Qd1 gxf2 28.Bxf2 Bh6 29.Bf1 Qd7 30.Nb6 Qe7
31.Bh3 Kh7 32.Bf5 Rg7 33.Rc8 Bg5 34.Qe1 Kh6 35.h4 Bxh4 36.Bxh4 Nxh4 37.Qxh4 Qf7
38.Rh8+ Nh7 39.Rxh7+ Rxh7 40.Bxh7 Kxh7 41.Nc8 Kh6 42.Nxd6 Qg6 43.Nxe5  1-0

[Event "19th Bosnjaci Open 2014"]
[Site "Bosnjaci CRO"]
[Date "2014.01.06"]
[Round "6.3"]
[White "Kuljasevic,D"]
[Black "Plenkovic,Z"]
[Result "1/2-1/2"]
[WhiteElo "2580"]
[BlackElo "2404"]

1.d4 Nf6 2.c4 g6 3.Nc3 Bg7 4.e4 O-O 5.Nf3 d6 6.Be2 e5 7.O-O Nc6 8.d5 Ne7
9.b4 c6 10.Nd2 a5 11.bxa5 Qxa5 12.Bb2 Bd7 13.Nb3 Qb4 14.a3 Qb6 15.a4 cxd5
16.exd5 Rfc8 17.a5 Qd8 18.Na4 Bxa4 19.Rxa4 b6 20.Qa1 bxa5 21.Rxa5 Rxa5 22.Qxa5 Qxa5
23.Nxa5 Nfxd5 24.cxd5 Rc2 25.Bxe5 Bxe5 26.Bf3 Rd2 27.Nc6 Kf8 28.Nxe7  1/2-1/2